000 00802cam a2200229 4500
001 WB3613-35
008 000000n2000 000 0 eng u
035 _a(Sirsi) u105052
245 _aHedgerows saved
260 _c2000
490 _aTimes
_v25 March 2000, 10
490 _aMAFF News Release
_V(99/00) 24 March 2000 (3)
520 _aGovernment has negotiated with Brussels to defer new rules measuring field margins. Farmers had been told that they would only receive crop payments for land under cultivation and bushy hedges and banks were seen as contravening these rules.
590 _aWB
650 _aHEDGES
650 _aFIELD BOUNDARIES
650 _aARABLE PAYMENTS
650 _aFARMERS
650 _aFIELD MARGINS
690 _aRURAL-AGRICULTURE AND FORESTRY
942 _n0
999 _c62999
_d62999